000 00512nam a2200205Ia 4500
003 OSt
005 20221007112528.0
006 a|||||r|||| 00| 0
007 ta
008 221006b |||||||| |||| 00| 0 eng d
024 _a28,421
037 _cBound Volume
040 _aLCO
_cLCO
_beng
041 _2eng
_aeng
245 0 _aSUPREME COURT LABOUR JUDGMENTS
260 _aAllahabad
_bLaw Publishing House India
_c1950
490 _v1972
942 _cCR
999 _c1197984
_d1197984